Baronía de Polop / (Record no. 13057)

MARC details
000 -LEADER
campo de control de longitud fija 00763nam a22002415i 4500
001 - NÚMERO DE CONTROL
campo de control 13057
003 - IDENTIFICADOR DE NÚMERO DE CONTROL
campo de control ES-MaACL
005 - FECHA Y HORA DE LA ÚLTIMA TRANSACCIÓN
campo de control 20230906150500.0
007 - CAMPO FIJO DE DESCRIPCIÓN FÍSICA--INFORMACIÓN GENERAL
campo de control de longitud fija t|
008 - DATOS DE LONGITUD FIJA--INFORMACIÓN GENERAL
campo de control de longitud fija 930422s1971 sp ||||0| spa j
040 ## - FUENTE DE CATALOGACIÓN
Centro catalogador/agencia de origen M-BN
Lengua de catalogación spa
Centro/agencia transcriptor M-BN
080 ## - NÚMERO DE LA CLASIFICACIÓN DECIMAL UNIVERSAL
Número de la Clasificación Decimal Universal 946.031.5 Polop
100 1# - ENTRADA PRINCIPAL--NOMBRE DE PERSONA
Nombre de persona Fuster, Joaquín.
9 (RLIN) 53082
245 10 - MENCIÓN DEL TÍTULO
Título Baronía de Polop /
Mención de responsabilidad, etc. Joaquín Fuster Pérez ; prólogo por Vintila Horia ; [dibujos, Benjamín Palencia].
250 ## - MENCION DE EDICION
Mención de edición [1ª ed.].
260 ## - PUBLICACIÓN, DISTRIBUCIÓN, ETC.
Lugar de publicación, distribución, etc. Polop de la Marina :
Nombre del editor, distribuidor, etc. Ayuntamiento,
Fecha de publicación, distribución, etc. 1971.
300 ## - DESCRIPCIÓN FÍSICA
Extensión 428 p. :
Otras características físicas il. ;
Dimensiones 25 cm.
504 ## - NOTA DE BIBLIOGRAFÍA, ETC.
Nota de bibliografía, etc. Bibliografía.
651 #4 - PUNTO DE ACCESO ADICIONAL DE MATERIA--NOMBRE GEOGRÁFICO
Nombre geográfico Polop-
Subdivisión general Historia.
9 (RLIN) 9244
700 1# - ENTRADA AGREGADA--NOMBRE PERSONAL
Nombre de persona Palencia, Benjamín.
9 (RLIN) 88530
700 1# - ENTRADA AGREGADA--NOMBRE PERSONAL
Nombre de persona Horia, Vintila (
Fechas asociadas al nombre 1915-1992)
9 (RLIN) 64193
852 ## - LOCALIZACIÓN
Ubicación ES-MaACL
Número de control de estantería L-20424
Sublocalización o colección R.125190
Holdings
Estatus retirado Estado de pérdida Estado de daño No para préstamo Biblioteca de origen Biblioteca actual Ubicación en estantería Fecha de adquisición Fuente de adquisición Total de préstamos Signatura topográfica completa Código de barras Visto por última vez Precio de reemplazo Tipo de ítem Koha
        Biblioteca del Ateneo de Madrid Biblioteca del Ateneo de Madrid Depósito 2 17/01/2008     L-20424 1013297 23/02/2023 23/02/2023 Libro impreso